LEADER 01359nam a22003732a 4500
001 001633826
003 CZ BrMZK
005 20180917081445.0
007 ta
008 180613s1964 ru er||||||||||brus d
040 |a BOA001  |b cze  |e aacr2 
045 |a t6u1 
072 7 |a 821.111(73).09  |x Americká literatura (o ní)  |2 Konspekt  |9 11 
072 7 |a 929  |x Biografie  |2 Konspekt  |9 8 
080 |a 821.111-051  |2 MRF 
080 |a 929  |2 MRF 
080 |a 821.111  |2 MRF 
080 |a (092)  |2 MRF 
100 1 |a Kornilova, Jelena Vjačeslavovna  |4 aut 
245 1 0 |a Vil'jam Šekspir /  |c Jelena Vjačeslavovna Kornilova 
260 |a Moskva :  |b Znanije,  |c 1964 
300 |a 46 s. 
490 1 |a Vsesojuznoje obščestvo po rasprostraneniju političeskich i naučnych znanij ;  |v ser. 6, 7/1964 
600 1 7 |a Shakespeare, William,  |d 1564-1616  |7 jn19981002129 
648 4 |a 1564-1616 
648 7 |a 16.-17. století  |7 ch757028 
650 0 7 |a angličtí spisovatelé  |7 ph114059  |y 16.-17. století  |2 czenas 
650 0 7 |a anglická literatura  |7 ph114050  |y 16.-17. století  |2 czenas 
655 7 |a biografie  |7 fd131909  |2 czenas 
830 0 |a Vsesojuznoje obščestvo po rasprostraneniju političeskich i naučnych znanij 
910 |a BOA001  |b X-0517.423 
990 |a BK 
991 |b 201806 
996 7 |b 2618944333  |c X-0517.423  |l MZK  |r Sklad / do 24 hodin  |n 0  |w 001669758  |u 000010  |a 1  |e BOA001  |j MZK50  |s A